| 000 | 00997nam a2200253 a 4500 | ||
|---|---|---|---|
| 001 | 000004495 | ||
| 005 | 20200929151441.0 | ||
| 008 | 090723s2006 ck a 001 0 spa d | ||
| 020 | _a9580496609 | ||
| 040 |
_aDO-SdBNP _bspa _cBNPHU |
||
| 082 |
_a658.4012 _bM294e |
||
| 100 | 1 |
_aManucci, Marcelo _913143 |
|
| 245 | 1 | 3 |
_aLa estrategia de los cuartos círculos : _bdiseñar el futuro en la incertidumbre del presente / _cMarcelo Manucci ; prólogo Roberto Serra. |
| 260 |
_aBogotá, Colombia : _bNorma, _c2006. _eRepública Dominicana _fBúho |
||
| 300 |
_a233 p. _ail. ; _c21 cm. |
||
| 500 | _aIncluye referencias bibliográficas y notas al pie de las páginas. | ||
| 504 | _aBibliografía: p. 229-233. | ||
| 590 | _aInventariado, 2018/ YL | ||
| 650 | 4 |
_aPlanificación estrategíca _92433 |
|
| 650 | 4 |
_aIncertidumbre (teoría de la información) _913144 |
|
| 650 | 4 |
_aComunicación organizacional _913145 |
|
| 700 | 1 |
_aSerra, Roberto, _epról. _913146 |
|
| 910 | _aValidado. Control de calidad EMS | ||
| 999 |
_c4304 _d4304 |
||